[Event "Qingdao SCO Teams 5th"]
[Site "Qingdao"]
[Date "2023.12.17"]
[Round "4.12"]
[White "Adhikari, Kritisara"]
[Black "Tan, Zhongyi"]
[Result "0-1"]
[WhiteElo "1527"]
[BlackElo "2521"]
[PlyCount "66"]
[EventDate "2023.12.17"]
[EventType "team-tourn (rapid)"]
[EventRounds "9"]
[EventCountry "CHN"]
[SourceTitle "CB52_2023"]
[SourceDate "2023.12.27"]
[SourceVersion "1"]
[SourceVersionDate "2023.12.27"]
[SourceQuality "1"]
[WhiteTeam "Nepal"]
[BlackTeam "China"]
[WhiteTeamCountry "NEP"]
[BlackTeamCountry "CHN"]

1. d4 Nf6 2. Bf4 d5 3. e3 c5 4. c3 Nc6 5. Nf3 Bg4 6. Nbd2 e6 7. Bb5 Qb6 8. Qb3 Nd7 9. Be2 Be7 10. h3 Bf5 11. Ne5 Ncxe5 12. dxe5 Qc7 13. Bb5 0-0 14. Bxd7 Qxd7 15. 0-0 Bd3 16. Rfe1 b5 17. a4 c4 18. Qd1 b4 19. Qg4 Rfb8 20. Rec1 bxc3 21. bxc3 Bf5 22. Qg3 Rb3 23. Bh6 Bg6 24. Bf4 Rab8 25. Nf3 Ba3 26. Rd1 Bb2 27. Nd4 Bxa1 28. Rxa1 Rxc3 29. Nb5 Rb3 30. Rc1 a6 31. Nd4 Rb1 32. Rxb1 Rxb1+ 33. Kh2 c3 0-1

[Event "Olympiad Women-44"]
[Site "Chennai"]
[Date "2022.08.06"]
[Round "8.3"]
[White "Adhikari, Kritisara"]
[Black "Estur, Grace Co"]
[Result "1-0"]
[WhiteElo "1552"]
[BlackElo "1472"]
[PlyCount "45"]
[EventDate "2022.07.29"]
[EventType "team-swiss"]
[EventRounds "11"]
[EventCountry "IND"]
[SourceTitle "CBM 210"]
[Source "ChessBase"]
[SourceDate "2022.10.31"]
[SourceVersion "1"]
[SourceVersionDate "2022.10.31"]
[SourceQuality "1"]
[WhiteTeam "Nepal (W)"]
[BlackTeam "Guam (W)"]
[WhiteTeamCountry "NEP"]
[BlackTeamCountry "GMA"]

1. d4 d5 2. Bf4 e6 3. e3 b6 4. Nd2 Bb7 5. Ngf3 Nd7 6. Bd3 Ngf6 7. Qe2 a6 8. a4 c5 9. c3 Be7 10. 0-0 0-0 11. Rfe1 h6 12. h3 Ne8 13. e4 Bd6 14. e5 Bb8 15. Bg3 Qc8 16. Bh4 Nc7 17. Nh2 Re8 18. Qg4 Ba7 19. Bf6 g5 20. Qh5 Re7 21. Qxh6 Nxf6 22. exf6 e5 23. Qg7# 1-0

[Event "Olympiad Women-44"]
[Site "Chennai"]
[Date "2022.08.03"]
[Round "6.2"]
[White "Leboela, Maboloko"]
[Black "Adhikari, Kritisara"]
[Result "1-0"]
[WhiteElo "1253"]
[BlackElo "1552"]
[PlyCount "135"]
[EventDate "2022.07.29"]
[EventType "team-swiss"]
[EventRounds "11"]
[EventCountry "IND"]
[SourceTitle "CBM 210"]
[Source "ChessBase"]
[SourceDate "2022.10.31"]
[SourceVersion "1"]
[SourceVersionDate "2022.10.31"]
[SourceQuality "1"]
[WhiteTeam "Lesotho (W)"]
[BlackTeam "Nepal (W)"]
[WhiteTeamCountry "LES"]
[BlackTeamCountry "NEP"]

1. d4 Nf6 2. c4 g6 3. Nf3 Bg7 4. g3 0-0 5. Bg2 d6 6. Nc3 Nbd7 7. 0-0 c5 8. d5 a6 9. Bf4 Rb8 10. a4 Nh5 11. Bd2 b6 12. Qc1 Re8 13. Bh6 Bh8 14. Qd2 Ndf6 15. h3 Bd7 16. e4 Qc7 17. Rac1 b5 18. axb5 axb5 19. cxb5 Bxb5 20. Rfe1 Nd7 21. g4 Nhf6 22. b4 Qd8 23. bxc5 Nxc5 24. Rcd1 Nfd7 25. Nxb5 Rxb5 26. Qf4 Ne5 27. Qg3 Rb3 28. Re3 Qb6 29. Nxe5 Bxe5 30. Rxb3 Qxb3 31. Qxb3 Nxb3 32. f4 Bd4+ 33. Kh2 Bc5 34. f5 f6 35. Rb1 Nd2 36. Bxd2 Kf7 37. Rb7 Ra8 38. Bb4 Bd4 39. Bxd6 Ra7 40. Rxa7 Bxa7 41. Bc7 Bc5 42. Kg3 Ke8 43. Kf4 Kd7 44. Ba5 g5+ 45. Kf3 Kd6 46. Be1 Kd7 47. Bf2 Bd6 48. Bf1 Bb4 49. Bb5+ Kc7 50. Bd4 Bd6 51. Bf2 Bb4 52. h4 h6 53. hxg5 hxg5 54. Ke2 Bd6 55. Kd3 Be5 56. Kc4 Bf4 57. Bc6 Be5 58. Kb5 Bd6 59. Ka6 Ba3 60. Bb6+ Kd6 61. Bd8 Ke5 62. Bc7+ Kxe4 63. d6+ Kf4 64. d7+ Kxg4 65. d8Q Kxf5 66. Qd7+ Kg6 67. Be4+ Kh5 68. Qh3# 1-0

[Event "Olympiad Women-44"]
[Site "Chennai"]
[Date "2022.07.29"]
[Round "1.2"]
[White "Adhikari, Kritisara"]
[Black "Hagarova, Zuzana"]
[Result "0-1"]
[WhiteElo "1552"]
[BlackElo "2293"]
[PlyCount "84"]
[EventDate "2022.07.29"]
[EventType "team-swiss"]
[EventRounds "11"]
[EventCountry "IND"]
[SourceTitle "CBM 210"]
[Source "ChessBase"]
[SourceDate "2022.10.31"]
[SourceVersion "1"]
[SourceVersionDate "2022.10.31"]
[SourceQuality "1"]
[WhiteTeam "Nepal (W)"]
[BlackTeam "Slovakia (W)"]
[WhiteTeamCountry "NEP"]
[BlackTeamCountry "SVK"]

1. d4 Nf6 2. Bf4 g6 3. e3 Bg7 4. Nd2 d6 5. Ngf3 0-0 6. h3 Nc6 7. Be2 Nd7 8. Bh2 e5 9. Nb3 a5 10. a4 e4 11. Nfd2 Qe7 12. 0-0 f5 13. Bc4+ Kh8 14. Nc1 Nf6 15. Re1 Bd7 16. Ne2 Nd8 17. Nf4 c6 18. Bb3 g5 19. Nh5 Nxh5 20. Qxh5 Be8 21. Qe2 Bg6 22. Nc4 Nf7 23. Qd2 Qd8 24. Qe2 d5 25. Nd2 Nh6 26. f4 exf3 27. Nxf3 Nf7 28. Qd2 g4 29. hxg4 fxg4 30. Ne5 Nxe5 31. dxe5 Qh4 32. Bf4 g3 33. Bxg3 Qxg3 34. Re2 Bxe5 35. Rf2 Qh2+ 36. Kf1 Qh1+ 37. Ke2 Rxf2+ 38. Kxf2 Rf8+ 39. Ke2 Qxg2+ 40. Kd1 Bh5+ 41. Kc1 Rf1+ 42. Qd1 Rxd1# 0-1

[Event "Online Olym Div3 A"]
[Site "Chess.com INT"]
[Date "2021.08.29"]
[Round "7.1"]
[White "Adhikari, Kritisara"]
[Black "Sewak, Aarti"]
[Result "0-1"]
[WhiteElo "1445"]
[BlackElo "1412"]
[PlyCount "94"]
[EventDate "2021.08.27"]
[EventType "team-tourn (rapid)"]
[EventRounds "9"]
[EventCountry "USA"]
[SourceTitle "CBM 204 Extra"]
[Source "ChessBase"]
[SourceDate "2021.11.30"]
[SourceVersion "1"]
[SourceVersionDate "2021.11.30"]
[SourceQuality "1"]
[WhiteTeam "Nepal"]
[BlackTeam "Fiji"]
[WhiteTeamCountry "NEP"]
[BlackTeamCountry "FIJ"]

1. d4 Nf6 2. Bf4 d6 3. e3 Bf5 4. Bd3 Qd7 5. Nf3 Nd5 6. Bg3 Bxd3 7. Qxd3 Nb4 8. Qd2 a5 9. a3 N4c6 10. c4 e6 11. Nc3 g6 12. h3 Bg7 13. 0-0 h6 14. Rab1 f5 15. Qd3 g5 16. Bh2 Bf6 17. Rfe1 0-0 18. d5 exd5 19. Qxd5+ Kg7 20. Rbd1 g4 21. hxg4 fxg4 22. Nd4 Ne7 23. Qxb7 Nbc6 24. Nxc6 Nxc6 25. Qb3 Qf5 26. Rd5 Be5 27. Bxe5+ dxe5 28. Re2 g3 29. f3 Qh5 30. Rd7+ Kg6 31. Qc2+ Rf5 32. Re1 Qh2+ 33. Kf1 Qh1+ 34. Ke2 Qxg2+ 35. Kd1 Qxf3+ 36. Kc1 Raf8 37. Qd3 Qf2 38. Qd1 R8f6 39. Qg4+ Rg5 40. Qe4+ Qf5 41. Qxf5+ Rgxf5 42. Rxc7 g2 43. Ne4 Re6 44. Ng3 Rf3 45. Ne2 Rf1 46. Kd1 Rd6+ 47. Kc2 Rxe1 0-1

[Event "Online Olym Div4 A"]
[Site "Chess.com INT"]
[Date "2021.08.21"]
[Round "5.3"]
[White "Sewak, Aarti"]
[Black "Adhikari, Kritisara"]
[Result "1-0"]
[WhiteElo "1412"]
[BlackElo "1445"]
[PlyCount "77"]
[EventDate "2021.08.20"]
[EventType "team (rapid)"]
[EventRounds "11"]
[EventCountry "USA"]
[SourceTitle "CBM 203 Extra"]
[Source "ChessBase"]
[SourceDate "2021.09.30"]
[SourceVersion "1"]
[SourceVersionDate "2021.09.30"]
[SourceQuality "1"]
[WhiteTeam "Fiji"]
[BlackTeam "Nepal"]
[WhiteTeamCountry "FIJ"]
[BlackTeamCountry "NEP"]

1. e4 d6 2. Nc3 Nf6 3. g3 g6 4. Bg2 Bg7 5. d4 0-0 6. Nf3 Nbd7 7. 0-0 c5 8. d5 a6 9. Re1 b5 10. a3 Rb8 11. Nd2 a5 12. Qe2 b4 13. axb4 axb4 14. Nd1 Ne5 15. h3 Bb7 16. f4 Ned7 17. Ne3 Nh5 18. Kh2 Nhf6 19. Bf3 Nb6 20. g4 Bc8 21. Rg1 Qd7 22. f5 e6 23. g5 Ne8 24. f6 Bh8 25. Bg4 Qc7 26. Rg3 exd5 27. Bxc8 Qxc8 28. Ng4 h5 29. Nh6+ Kh7 30. Nf3 Qe6 31. e5 Nc4 32. Ra7 Nxe5 33. Nxe5 dxe5 34. Re7 Qc6 35. Qxe5 Nd6 36. Bf4 Nc4 37. Rxf7+ Rxf7 38. Qxb8 Rc7 39. Qg8# 1-0

[Event "Asia Nations online Cup (Women)"]
[Site "Chess.com INT"]
[Date "2020.10.19"]
[Round "8.10"]
[White "Nekrasova, Elena"]
[Black "Adhikari, Kritisara"]
[Result "1-0"]
[WhiteElo "2028"]
[BlackElo "1445"]
[PlyCount "93"]
[EventDate "2020.10.11"]
[EventType "team-swiss (rapid)"]
[EventRounds "9"]
[EventCountry "IND"]
[SourceTitle "CBM 198 Extra"]
[Source "ChessBase"]
[SourceDate "2020.11.30"]
[SourceVersion "1"]
[SourceVersionDate "2020.11.30"]
[SourceQuality "1"]
[WhiteTeam "Lebanon (W)"]
[BlackTeam "Nepal (W)"]
[WhiteTeamCountry "LBN"]
[BlackTeamCountry "NEP"]

1. e4 d6 2. d4 Nf6 3. Nc3 g6 4. g3 Bg7 5. Bg2 0-0 6. Nge2 c6 7. a4 Nbd7 8. h3 Rb8 9. Be3 Qb6 10. b3 Qc7 11. 0-0 b6 12. Qd2 c5 13. Rad1 Bb7 14. d5 Ba6 15. Bh6 Ne5 16. Bxg7 Kxg7 17. f4 Ned7 18. Rf2 Nh5 19. g4 Nhf6 20. Ng3 Bc8 21. g5 Ne8 22. Rdf1 Rh8 23. Nce2 h6 24. f5 Ne5 25. f6+ exf6 26. gxf6+ Kg8 27. Nf4 Nxf6 28. Nxg6 fxg6 29. Rxf6 Qe7 30. Qf2 Ba6 31. c4 Kg7 32. Nh5+ gxh5 33. Qg3+ Kh7 34. Qf4 Qg7 35. Qf5+ Kg8 36. Qe6+ Kh7 37. Qf5+ Kg8 38. Qe6+ Kh7 39. Rf7 Nxf7 40. Rxf7 Bc8 41. Qe7 Rg8 42. e5 dxe5 43. d6 Kh8 44. Rxg7 Rxg7 45. Qf8+ Kh7 46. d7 Rxd7 47. Be4# 1-0

[Event "Asia Nations online Cup (Women)"]
[Site "Chess.com INT"]
[Date "2020.10.11"]
[Round "1.4"]
[White "Adhikari, Kritisara"]
[Black "Ryjanova, Julia"]
[Result "0-1"]
[WhiteElo "1445"]
[BlackElo "2299"]
[PlyCount "104"]
[EventDate "2020.10.11"]
[EventType "team-swiss (rapid)"]
[EventRounds "9"]
[EventCountry "IND"]
[SourceTitle "CBM 198 Extra"]
[Source "ChessBase"]
[SourceDate "2020.11.30"]
[SourceVersion "1"]
[SourceVersionDate "2020.11.30"]
[SourceQuality "1"]
[WhiteTeam "Nepal (W)"]
[BlackTeam "Australia (W)"]
[WhiteTeamCountry "NEP"]
[BlackTeamCountry "AUS"]

1. d4 Nf6 2. Bf4 d5 3. e3 c5 4. c3 Nc6 5. Bd3 Qb6 6. Qc2 c4 7. Be2 Bf5 8. Qc1 e6 9. Nd2 Be7 10. Ngf3 h6 11. h3 0-0 12. 0-0 Rfc8 13. Ne5 Nxe5 14. dxe5 Nd7 15. Nf3 Qc7 16. Qd2 Be4 17. Qd4 Bc5 18. Qd2 Bxf3 19. Bxf3 Nxe5 20. Bxe5 Qxe5 21. Rfd1 Rab8 22. Rab1 b5 23. Qc2 a5 24. a3 b4 25. axb4 axb4 26. Ra1 bxc3 27. bxc3 Rb3 28. Rdc1 Ba3 29. Rcb1 Qxc3 30. Qxc3 Rxc3 31. Rb7 Rc1+ 32. Rxc1 Bxc1 33. Bd1 Ba3 34. Bh5 g6 35. Bd1 Bd6 36. Rb6 Bf8 37. Kf1 Bg7 38. Ke2 e5 39. Rd6 d4 40. exd4 exd4 41. Kd2 Ra8 42. Rc6 Ra2+ 43. Ke1 c3 44. Rc8+ Bf8 45. Bb3 Rb2 46. Bd1 d3 47. Ba4 Rb1+ 48. Bd1 c2 49. Kd2 cxd1Q+ 50. Ke3 Qe2+ 51. Kd4 Rb4+ 52. Kd5 Qe4# 0-1

[Event "Budha Bhandari Memorial"]
[Site "Budhanilkantha"]
[Date "2019.11.12"]
[Round "5"]
[White "Adhikari, Kritisara"]
[Black "Ehtesham, Ul Haq"]
[Result "0-1"]
[WhiteElo "1519"]
[BlackElo "1716"]
[PlyCount "36"]
[EventDate "2019.11.09"]
[EventType "swiss"]
[EventRounds "9"]
[EventCountry "NEP"]
[SourceTitle "CBM 193 Extra"]
[Source "ChessBase"]
[SourceDate "2020.01.31"]
[SourceVersion "1"]
[SourceVersionDate "2020.01.31"]
[SourceQuality "1"]

1. d4 d5 2. Bf4 Nf6 3. e3 c5 4. c3 Nc6 5. Nd2 cxd4 6. exd4 Bf5 7. Ngf3 e6 8. Bb5 Bd6 9. Ne5 0-0 10. Bxc6 bxc6 11. Nxc6 Qc7 12. Bxd6 Qxd6 13. Ne5 Rfb8 14. Qc1 Qa6 15. Ndf3 h6 16. h3 Qb5 17. b3 Ne4 18. Nd2 Rc8 0-1